000 00997nam a22002651 4500
001 23401
003 BD-RjUL
005 20211209000926.0
008 140310s1959 gw b 001 0 eng d
035 _a(BD-RjUL)23466
040 _aDLC/ICU
_cICU
_dDLC
_dBD-RjUL
_beng
041 _aeng
082 0 0 _a516.375
_bRUD 1959
_223
100 1 _aRund, Hanno.
_972081
245 1 4 _aThe differential geometry of Finsler spaces /
_cHanno, Rund.
260 _aBerlin :
_bSpringer,
_c1959.
300 _axiii, 283 p. ;
_c24 cm.
490 1 _aDie Grundlehren der mathematischen Wissenschaften in Einzeldarstellungen mit besonderer Berücksichtigung der Anwendungsgebiete,
_vBd. 101
504 _aIncludes bibliographical references and index.
650 0 _aFinsler geometry
_972082
830 0 _vBd. 101.
_9152186
830 0 _aGrundlehren der mathematischen Wissenschaften in Einzeldarstellungen mit besonderer Berücksichtigung der Anwendungsgebiete ;
_9151001
942 _2ddc
_cBK
999 _c23401
_d23401